[Event "Olaine Open Rapid 2018"]
[Site "Olaine"]
[Date "2018.11.25"]
[Round "9.4"]
[White "Miezis, Normunds"]
[Black "Berzinsh, Roland"]
[Result "0-1"]
[WhiteElo "2477"]
[BlackElo "2409"]
[Annotator "TA"]
[PlyCount "96"]
[EventDate "2018.11.24"]
[EventType "swiss"]
[EventCountry "LAT"]

{[%evp 21,96,0,0,-32,-47,-33,-19,-35,0,-24,-9,-14,-1,-19,-3,-12,0,5,83,0,0,0,0,0,428,423,461,461,416,25,58,-153,-141,-152,-169,-393,-130,-437,-475,-586,-430,-407,-431,-431,-429,-405,-416,-434,-362,-495,-449,-864,-889,-865,-867,-874,-864,-1240,-1216,-1695,-1742,-1273,-956,-894,-885,-867,-861,-824,-826,-1010,-938,-1222,-1215,-5431,-1440,-29986,-29987]} 1. c4 e6 2. e4 d5 3. exd5 exd5 4. d4 Nf6 5. Nc3 Be7 6. Nf3 O-O 7. Be2 Be6 {C01: French: Exchange Variation} 8. cxd5 Nxd5 9. O-O Nd7 10. Re1 c6 11. Bd3 Re8 {LiveBook: 17 Games} 12. Ne4 $146 ({Predecessor:} 12. Bc2 Qc7 13. Bg5 Nf8 14. Bxe7 Rxe7 15. Qd2 {0-1 (27) Miezis,N (2496)-Ivanchuk,V (2731) Jurmala 2015}) 12... h6 13. a3 Qc7 14. Ng3 Nf4 15. Bc2 Bd6 16. Ne4 Bd5 17. g3 Ne6 18. Qd3 Ndf8 19. Nh4 Qd7 {[#]} (19... c5 $11 {keeps the balance.}) 20. Bxh6 ({Don't play} 20. Nxd6 Qxd6 21. Nf5 Qd7 $11) ({White should try} 20. Nf5 $1 $16 {[%cal Rf5h6]} Be7 21. h4 (21. Nxe7+ Rxe7 22. Bd2 Rae8 $11)) 20... Bxe4 $1 $11 21. Rxe4 gxh6 22. Rg4+ Ng7 $2 {[%mdl 8192]} (22... Kh8 $1 $11) 23. Nf5 $18 Ng6 24. Nxh6+ Kf8 25. h4 $2 (25. Qf3 $18 Nf4 26. gxf4) 25... Re6 26. Nf5 $2 (26. Qf3 $1 $14 {keeps the upper hand.} Nf4 27. Bf5) 26... Rae8 $17 27. Qd2 Rf6 28. Nh6 $2 (28. Nxg7 {only move.} Qxg4 29. Nxe8 Kxe8 30. Re1+ Ne7 31. Re4) 28... Qe6 $2 (28... Nf4 $1 $19 {[%cal Rf4h3] and Black stays clearly on top. Strongly threatening ...Nh3+.} 29. gxf4 Rxh6) 29. Rd1 $2 {[%mdl 8192]} (29. Qg5 $17 Be7 30. Qd2) 29... Qe2 $19 30. Bd3 Qxd2 31. Rxd2 {Now Bxg6 and White clings on.} Re1+ 32. Kg2 {[#] If only White now had time for Bxg6....} Nf4+ $1 {[%mdl 512]} 33. gxf4 {If White can now play Rxg7 this consolidates a bit.} Rxh6 34. d5 c5 35. b4 f5 36. Bxf5 (36. Rxg7 $142 Kxg7 37. bxc5 Bxc5 38. Bxf5) 36... Nxf5 37. bxc5 Bxc5 38. d6 Rxd6 39. Rc2 b6 40. h5 Kf7 41. Rg5 Nd4 42. Rd2 {[#]} Rg1+ $1 {[%mdl 576] Deflection, Decoy} 43. Kxg1 Nf3+ {[%mdl 64] Double Attack, Discovered Attack} 44. Kg2 Nxd2 45. Re5 Nc4 46. Re4 Nxa3 47. Ra4 a5 48. Kf3 Bb4 {Accuracy: White = 17%, Black = 44%.} 0-1

[Event "Olaine Open Rapid 2018"]
[Site "Olaine"]
[Date "2018.11.25"]
[Round "9.5"]
[White "Ramma, Kaspars"]
[Black "Smorodinskis, Igors"]
[Result "1-0"]
[WhiteElo "2107"]
[BlackElo "2209"]
[PlyCount "125"]
[EventDate "2018.11.24"]
[EventType "swiss"]
[EventCountry "LAT"]
[TimeControl "600+5"]
[WhiteClock "0:01:43"]
[BlackClock "0:01:29"]

1. d4 {[%emt 0:00:00]} Nf6 {[%emt 0:00:00]} 2. Bf4 {[%emt 0:00:02]} g6 {[%emt 0:00:01]} 3. e3 {[%emt 0:00:02]} Bg7 {[%emt 0:00:01]} 4. Nf3 {[%emt 0:00:02]} O-O {[%emt 0:00:03]} 5. Be2 {[%emt 0:00:02]} d5 {[%emt 0:00:03]} 6. h3 {[%emt 0:00:03]} c5 {[%emt 0:00:07]} 7. c3 {[%emt 0:00:03]} b6 {[%emt 0:00:08]} 8. Nbd2 {[%emt 0:00:17]} Nc6 {[%emt 0:00:04]} 9. O-O {[%emt 0:00:10]} Nd7 {[%emt 0:00:15]} 10. Qa4 {[%emt 0:00:54]} Bb7 {[%emt 0:00:09]} 11. Rad1 {[%emt 0:00:41]} a6 {[%emt 0:00:24]} 12. Qb3 {[%emt 0:00:25]} c4 {[%emt 0:01:07]} 13. Qc2 {[%emt 0:00:07]} b5 {[%emt 0:00:05]} 14. e4 {[%emt 0:00:20]} e6 {[%emt 0:00:20]} 15. Rfe1 {[%emt 0:00:33]} b4 {[%emt 0:00:23]} 16. exd5 {[%emt 0:00:26]} exd5 {[%emt 0:00:01]} 17. Nf1 {[%emt 0:00:19]} Re8 {[%emt 0:00:13]} 18. Ne3 {[%emt 0:00:19]} Nb6 {[%emt 0:00:13]} 19. Ng4 {[%emt 0:00:20]} f6 {[%emt 0:01:05]} 20. h4 {[%emt 0:00:22]} Qd7 {[%emt 0:00:22]} 21. Ne3 {[%emt 0:00:08]} a5 {[%emt 0:00:17]} 22. Nh2 {[%emt 0:00:07]} a4 {[%emt 0:00:22]} 23. a3 {[%emt 0:00:08]} bxa3 {[%emt 0:00:13]} 24. bxa3 {[%emt 0:00:01]} Na5 {[%emt 0:00:04]} 25. h5 {[%emt 0:00:22]} Qf7 {[%emt 0:00:11]} 26. hxg6 {[%emt 0:01:03]} hxg6 {[%emt 0:00:10]} 27. Nf3 {[%emt 0:00:21]} Re4 {[%emt 0:00:59]} 28. Bd6 {[%emt 0:00:19]} Nb3 {[%emt 0:00:07]} 29. g3 {[%emt 0:00:28]} Re6 {[%emt 0:00:16]} 30. Bb4 {[%emt 0:00:08]} Bf8 {[%emt 0:00:08]} 31. Bxf8 {[%emt 0:00:12]} Rxf8 {[%emt 0:00:06]} 32. Nh4 {[%emt 0:00:14]} Kg7 {[%emt 0:00:58]} 33. Bg4 {[%emt 0:00:10]} Re4 {[%emt 0:00:37]} 34. f3 {[%emt 0:00:19]} Ree8 {[%emt 0:00:14]} 35. Neg2 {[%emt 0:00:52]} f5 {[%emt 0:00:11]} 36. Bh3 {[%emt 0:00:09]} Rxe1+ {[%emt 0:00:23]} 37. Rxe1 {[%emt 0:00:01]} Re8 {[%emt 0:00:01]} 38. Rxe8 {[%emt 0:00:22]} Qxe8 {[%emt 0:00:00]} 39. g4 {[%emt 0:00:03]} fxg4 {[%emt 0:00:10]} 40. Bxg4 {[%emt 0:00:03]} Bc8 {[%emt 0:00:06]} 41. Kh2 {[%emt 0:00:23]} Bxg4 {[%emt 0:00:06]} 42. fxg4 {[%emt 0:00:01]} Nd7 {[%emt 0:00:12]} 43. Nf4 {[%emt 0:00:06]} Nf8 {[%emt 0:00:12]} 44. Qf2 {[%emt 0:00:43]} Qf7 {[%emt 0:00:12]} 45. Qe3 {[%emt 0:00:03]} Na5 {[%emt 0:00:15]} 46. Qe5+ {[%emt 0:00:10]} Kh7 {[%emt 0:00:09]} 47. Nf3 {[%emt 0:00:07]} Kg8 {[%emt 0:00:12]} 48. Kg3 {[%emt 0:00:09]} Nc6 {[%emt 0:00:16]} 49. Qd6 {[%emt 0:00:07]} Na7 {[%emt 0:00:16]} 50. Nxd5 {[%emt 0:00:08]} Nb5 {[%emt 0:00:05]} 51. Ne7+ {[%emt 0:00:10]} Kg7 {[%emt 0:00:05]} 52. Qe5+ {[%emt 0:00:04]} Qf6 {[%emt 0:00:01]} 53. Qxb5 {[%emt 0:00:08]} Qxe7 {[%emt 0:00:01]} 54. Qe5+ {[%emt 0:00:01]} Kf7 {[%emt 0:00:08]} 55. Qxe7+ {[%emt 0:00:05]} Kxe7 {[%emt 0:00:01]} 56. Ne5 {[%emt 0:00:03]} Ke6 {[%emt 0:00:06]} 57. Nxc4 {[%emt 0:00:02]} Kd5 {[%emt 0:00:01]} 58. Nd2 {[%emt 0:00:02]} Ne6 {[%emt 0:00:11]} 59. Kf3 {[%emt 0:00:04]} g5 {[%emt 0:00:07]} 60. Ke3 {[%emt 0:00:03]} Nf4 {[%emt 0:00:08]} 61. c4+ {[%emt 0:00:02]} Ke6 {[%emt 0:00:04]} 62. Ne4 {[%emt 0:00:06]} Nh3 {[%emt 0:00:02]} 63. Nc5+ {[%emt 0:00:02]} 1-0

[Event "Olaine Open Rapid 2018"]
[Site "Olaine"]
[Date "2018.11.25"]
[Round "9.6"]
[White "Volodins, Igors"]
[Black "Rogule, Laura"]
[Result "*"]
[WhiteElo "2186"]
[BlackElo "2263"]
[PlyCount "34"]
[EventDate "2018.11.24"]
[EventType "swiss"]
[EventCountry "LAT"]
[TimeControl "600+5"]
[WhiteClock "0:02:45"]
[BlackClock "0:00:34"]

1. g3 {[%emt 0:00:00]} d5 {[%emt 0:00:00]} 2. Bg2 {[%emt 0:00:00]} c6 {[%emt 0:00:00]} 3. c4 {[%emt 0:00:01]} Nf6 {[%emt 0:00:20]} 4. b3 {[%emt 0:01:47]} dxc4 {[%emt 0:01:59]} 5. bxc4 {[%emt 0:00:01]} Qd4 {[%emt 0:00:52]} 6. Nc3 {[%emt 0:01:26]} Qxc4 {[%emt 0:00:11]} 7. Nf3 {[%emt 0:00:02]} Nbd7 {[%emt 0:00:17]} 8. Bb2 {[%emt 0:02:34]} e5 {[%emt 0:00:31]} 9. d3 {[%emt 0:00:02]} Qa6 {[%emt 0:00:38]} 10. O-O {[%emt 0:00:22]} Ba3 {[%emt 0:00:49]} 11. Rb1 {[%emt 0:00:24]} Bxb2 {[%emt 0:01:03]} 12. Rxb2 {[%emt 0:00:00]} O-O {[%emt 0:00:08]} 13. Nd2 {[%emt 0:01:06]} Qa3 {[%emt 0:00:37]} 14. Nc4 {[%emt 0:00:09]} Qxc3 {[%emt 0:01:00]} 15. Qa1 {[%emt 0:02:47]} Qd4 {[%emt 0:01:51]} 16. e3 Qxd3 17. Rc1 Nb6 {[%emt 0:00:01]} *